[Event "Titled Tuesday intern op 22nd Aug Early"]
[Site "Chess.com INT"]
[Date "2023.08.22"]
[Round "1"]
[White "Maung, Maung Kyaw Zaw"]
[Black "Bashirov, Kemal"]
[Result "0-1"]
[WhiteElo "2119"]
[BlackElo "2356"]
[PlyCount "46"]
[EventDate "2023.08.22"]
[EventType "swiss (blitz)"]
[EventRounds "11"]
[EventCountry "USA"]
[SourceTitle "EXT 2024"]
[Source "ChessBase"]
[SourceDate "2023.10.10"]
[SourceVersion "1"]
[SourceVersionDate "2023.10.10"]
[SourceQuality "1"]

1. Nf3 Nf6 2. c4 e6 3. Nc3 d5 4. d4 Be7 5. Bg5 0-0 6. e3 Nbd7 7. Bd3 c6 8. c5 e5 9. Bf5 e4 10. Nd2 Nxc5 11. dxc5 Bxf5 12. b4 Nd7 13. Bf4 a5 14. a3 Bf6 15. Qc1 axb4 16. axb4 Rxa1 17. Qxa1 Qa8 18. Qb2 Qa6 19. Nb3 Qd3 20. Nd4 Bxd4 21. exd4 Ra8 22. Ne2 Bg4 23. Nc1 Qd1# 0-1

[Event "Titled Tuesday intern op 08th Aug Early"]
[Site "Chess.com INT"]
[Date "2023.08.08"]
[Round "1"]
[White "Maung, Maung Kyaw Zaw"]
[Black "Gamayev, Oleg"]
[Result "1/2-1/2"]
[WhiteElo "2119"]
[BlackElo "2160"]
[PlyCount "128"]
[EventDate "2023.08.08"]
[EventType "swiss (blitz)"]
[EventRounds "11"]
[EventCountry "USA"]
[SourceTitle "EXT 2024"]
[Source "ChessBase"]
[SourceDate "2023.10.10"]
[SourceVersion "1"]
[SourceVersionDate "2023.10.10"]
[SourceQuality "1"]

1. Nf3 d6 2. d4 Nf6 3. c4 Nbd7 4. Nc3 e5 5. e4 c6 6. Be2 Be7 7. 0-0 0-0 8. d5 c5 9. Ne1 Ne8 10. Bg4 Bg5 11. Nd3 Bxc1 12. Qxc1 b6 13. a3 Qh4 14. Bh3 g6 15. b4 Ng7 16. Rb1 f5 17. f3 Nf6 18. Qe1 Qg5 19. Qc1 Qxc1 20. Rfxc1 fxe4 21. fxe4 Bxh3 22. gxh3 cxb4 23. axb4 Rfc8 24. c5 bxc5 25. bxc5 dxc5 26. Nxe5 Re8 27. Ng4 Nd7 28. Re1 h5 29. Nf2 Ne5 30. Kg2 Reb8 31. Rxb8+ Rxb8 32. Rb1 Rxb1 33. Nxb1 Ne8 34. Nd2 Nd6 35. Nf3 Ndf7 36. Nd1 a5 37. Nc3 Kg7 38. Kf2 Nxf3 39. Kxf3 Kf6 40. Ke3 Ke5 41. Kd3 Nd6 42. Ke3 a4 43. Nxa4 Nxe4 44. Nb6 Nf6 45. Kd3 Nxd5 46. Nd7+ Kd6 47. Nf8 Ne7 48. Ke4 g5 49. Nh7 g4 50. hxg4 hxg4 51. Nf6 Nc6 52. Nxg4 c4 53. Ne3 Kc5 54. h4 c3 55. h5 Nd8 56. Kf5 Kd4 57. Nc2+ Kd3 58. Na3 Nf7 59. Kg6 Ne5+ 60. Kf5 Nf7 61. Kf6 Nh6 62. Kg6 Ng4 63. Kg5 Ne5 64. Kf5 Nf7 1/2-1/2

[Event "Titled Tuesday intern op 08th Aug Early"]
[Site "Chess.com INT"]
[Date "2023.08.08"]
[Round "2"]
[White "Maung, Maung Kyaw Zaw"]
[Black "Tregubov, Pavel V"]
[Result "0-1"]
[WhiteElo "2119"]
[BlackElo "2567"]
[PlyCount "70"]
[EventDate "2023.08.08"]
[EventType "swiss (blitz)"]
[EventRounds "11"]
[EventCountry "USA"]
[SourceTitle "EXT 2024"]
[Source "ChessBase"]
[SourceDate "2023.10.10"]
[SourceVersion "1"]
[SourceVersionDate "2023.10.10"]
[SourceQuality "1"]

1. Nf3 Nf6 2. c4 c5 3. d4 cxd4 4. Nxd4 a6 5. Nc3 d5 6. cxd5 Nxd5 7. Bd2 e5 8. Nf3 Nc6 9. e4 Ndb4 10. Bg5 Qxd1+ 11. Kxd1 f6 12. Be3 Bg4 13. a3 0-0-0+ 14. Kc1 Nd3+ 15. Kc2 Nc5 16. b4 Ne6 17. Nd5 Bxf3 18. gxf3 Ned4+ 19. Kb2 Bd6 20. f4 exf4 21. Nxf4 Rhe8 22. Bg2 Nb5 23. Bh3+ Kb8 24. Ne6 Be5+ 25. Ka2 Rd3 26. Rad1 Rxa3+ 27. Kb1 Nxb4 28. Bd4 Rxe6 29. Bxe6 Bxd4 30. Kc1 Rc3+ 31. Kd2 Rc2+ 32. Ke1 Bxf2+ 33. Kf1 Bb6 34. h4 Rf2+ 35. Ke1 Nc2# 0-1

[Event "Titled Tuesday intern op 08th Aug Early"]
[Site "Chess.com INT"]
[Date "2023.08.08"]
[Round "3"]
[White "Nemec, Jachym"]
[Black "Maung, Maung Kyaw Zaw"]
[Result "1-0"]
[WhiteElo "2333"]
[BlackElo "2119"]
[PlyCount "105"]
[EventDate "2023.08.08"]
[EventType "swiss (blitz)"]
[EventRounds "11"]
[EventCountry "USA"]
[SourceTitle "EXT 2024"]
[Source "ChessBase"]
[SourceDate "2023.10.10"]
[SourceVersion "1"]
[SourceVersionDate "2023.10.10"]
[SourceQuality "1"]

1. Nf3 c6 2. g3 d5 3. Bg2 Nf6 4. 0-0 Bf5 5. d3 h6 6. Nbd2 Nbd7 7. Qe1 e6 8. e4 dxe4 9. dxe4 Bh7 10. a3 Be7 11. e5 Nd5 12. c4 N5b6 13. b3 a5 14. Bb2 0-0 15. Qe3 Nc5 16. Bd4 Nbd7 17. Rfd1 Qc7 18. Rac1 Nd3 19. Rc3 N3c5 20. Bf1 b6 21. h4 Rfd8 22. h5 Nb8 23. Nh2 Ncd7 24. Qf4 Bxa3 25. Rf3 Nf8 26. Ng4 Na6 27. Re1 Bc5 28. Bc3 Bb4 29. Ne4 Bxe4 30. Qxe4 Bxc3 31. Rxc3 Nc5 32. Qf4 Qb7 33. Rf3 Nh7 34. Nxh6+ gxh6 35. Qxh6 Rd4 36. Rf4 Rxf4 37. Qxf4 Qe7 38. Bg2 Qg5 39. Qf3 Rd8 40. Qxc6 Qd2 41. Rf1 Nxb3 42. Qxb6 Ng5 43. h6 a4 44. Qa7 Nc1 45. c5 Ne2+ 46. Kh1 Qd4 47. Qb6 Nc3 48. Qc7 Qd7 49. Qa5 Nd5 50. c6 Qxc6 51. Qxd8+ Kh7 52. Qxg5 a3 53. Qg7# 1-0

[Event "Titled Tuesday intern op 16th May Early"]
[Site "Chess.com INT"]
[Date "2023.05.16"]
[Round "8"]
[White "Brown, Raehanna"]
[Black "Maung, Maung Kyaw Zaw"]
[Result "1-0"]
[WhiteElo "1710"]
[BlackElo "2119"]
[PlyCount "45"]
[EventDate "2023.05.16"]
[EventType "swiss (blitz)"]
[EventRounds "11"]
[EventCountry "USA"]
[SourceTitle "CBM 214 Extra"]
[Source "ChessBase"]
[SourceDate "2023.07.31"]
[SourceVersion "1"]
[SourceVersionDate "2023.07.31"]
[SourceQuality "1"]

1. c4 e5 2. Nc3 Nf6 3. Nf3 Nc6 4. g3 Bc5 5. Bg2 0-0 6. 0-0 d6 7. h3 Be6 8. d3 Qd7 9. Kh2 a6 10. e4 Kh8 11. Nh4 Ng8 12. f4 exf4 13. gxf4 f5 14. Nd5 fxe4 15. dxe4 Bxd5 16. cxd5 Nce7 17. b3 Bd4 18. Qxd4 Rf7 19. Bb2 Raf8 20. Rf3 h6 21. Rg3 Nc8 22. Ng6+ Kh7 23. Nxf8+ 1-0

[Event "Titled Tuesday intern op 16th May Early"]
[Site "Chess.com INT"]
[Date "2023.05.16"]
[Round "7"]
[White "Maung, Maung Kyaw Zaw"]
[Black "Arat, Ufuk Sezen"]
[Result "0-1"]
[WhiteElo "2119"]
[BlackElo "2389"]
[PlyCount "50"]
[EventDate "2023.05.16"]
[EventType "swiss (blitz)"]
[EventRounds "11"]
[EventCountry "USA"]
[SourceTitle "CBM 214 Extra"]
[Source "ChessBase"]
[SourceDate "2023.07.31"]
[SourceVersion "1"]
[SourceVersionDate "2023.07.31"]
[SourceQuality "1"]

1. Nf3 Nf6 2. c4 d5 3. cxd5 g6 4. Nc3 Nxd5 5. e4 Nxc3 6. bxc3 Bg7 7. d4 c5 8. Bc4 0-0 9. 0-0 Nc6 10. Be3 Bg4 11. e5 Rc8 12. e6 f5 13. d5 Bxf3 14. Qxf3 Ne5 15. Qe2 f4 16. Bd2 f3 17. gxf3 Nxf3+ 18. Kh1 Qd6 19. Qxf3 Rxf3 20. Kg2 Rf4 21. Bxf4 Qxf4 22. Be2 Be5 23. Rh1 Rf8 24. Raf1 Qg5+ 25. Kh3 Rf4 0-1

[Event "Titled Tuesday intern op 16th May Early"]
[Site "Chess.com INT"]
[Date "2023.05.16"]
[Round "1"]
[White "Maung, Maung Kyaw Zaw"]
[Black "Sadykov, Ramil"]
[Result "1-0"]
[WhiteElo "2119"]
[BlackElo "2345"]
[PlyCount "63"]
[EventDate "2023.05.16"]
[EventType "swiss (blitz)"]
[EventRounds "11"]
[EventCountry "USA"]
[SourceTitle "CBM 214 Extra"]
[Source "ChessBase"]
[SourceDate "2023.07.31"]
[SourceVersion "1"]
[SourceVersionDate "2023.07.31"]
[SourceQuality "1"]

1. Nf3 c5 2. c4 Nc6 3. d4 cxd4 4. Nxd4 g6 5. e4 Bg7 6. Be3 Nf6 7. Nc3 Ng4 8. Qxg4 Nxd4 9. Qd1 Nc6 10. Qd2 d6 11. Be2 Be6 12. 0-0 0-0 13. Nd5 Qd7 14. Rfd1 Rfc8 15. Rac1 Qd8 16. Bg5 a5 17. Be3 Bxd5 18. cxd5 Nb4 19. a3 Na6 20. Rxc8 Rxc8 21. Rc1 Nc5 22. f3 Nb3 23. Rxc8 Qxc8 24. Qd3 a4 25. Bd1 Nc1 26. Qb5 h5 27. Bxa4 h4 28. Qe8+ Qxe8 29. Bxe8 Bxb2 30. a4 Na2 31. Bd7 Kf8 32. Bc8 1-0

[Event "Titled Tuesday intern op 16th May Early"]
[Site "Chess.com INT"]
[Date "2023.05.16"]
[Round "3"]
[White "Maung, Maung Kyaw Zaw"]
[Black "Sidletskyi, Ivan"]
[Result "0-1"]
[WhiteElo "2119"]
[BlackElo "2152"]
[PlyCount "56"]
[EventDate "2023.05.16"]
[EventType "swiss (blitz)"]
[EventRounds "11"]
[EventCountry "USA"]
[SourceTitle "CBM 214 Extra"]
[Source "ChessBase"]
[SourceDate "2023.07.31"]
[SourceVersion "1"]
[SourceVersionDate "2023.07.31"]
[SourceQuality "1"]

1. Nf3 Nf6 2. c4 e6 3. Nc3 d5 4. d4 c5 5. cxd5 cxd4 6. Nxd4 Nxd5 7. Nxd5 exd5 8. g3 Nc6 9. Bg2 Qb6 10. Nb3 Be6 11. 0-0 Rd8 12. Be3 d4 13. Bxc6+ bxc6 14. Nxd4 Bc5 15. Nxe6 Rxd1 16. Bxc5 Rxf1+ 17. Rxf1 Qa5 18. Nxg7+ Kd7 19. Rd1+ Kc8 20. b4 Qxa2 21. Nf5 Rd8 22. Ne7+ Kc7 23. Rxd8 Kxd8 24. Nxc6+ Kc7 25. Nxa7 Qxe2 26. b5 Kb7 27. b6 Qd1+ 28. Kg2 Qd5+ 0-1

[Event "Titled Tuesday intern op 18th Apr Early"]
[Site "Chess.com INT"]
[Date "2023.04.18"]
[Round "5"]
[White "Harshad, S."]
[Black "Maung, Maung Kyaw Zaw"]
[Result "1-0"]
[WhiteElo "2255"]
[BlackElo "2119"]
[PlyCount "129"]
[EventDate "2023.04.18"]
[EventType "swiss (blitz)"]
[EventRounds "11"]
[EventCountry "USA"]
[SourceTitle "EXT 2024"]
[Source "ChessBase"]
[SourceDate "2023.10.10"]
[SourceVersion "1"]
[SourceVersionDate "2023.10.10"]
[SourceQuality "1"]

1. e4 c6 2. Nc3 d5 3. Nf3 Bg4 4. h3 Bxf3 5. Qxf3 d4 6. Ne2 e5 7. d3 Nd7 8. Qg3 g6 9. f4 Be7 10. Qf3 Bf6 11. g3 Ne7 12. Bg2 0-0 13. 0-0 c5 14. fxe5 Bxe5 15. Bh6 Bg7 16. Bxg7 Kxg7 17. Nf4 Ne5 18. Qe2 Qd7 19. h4 h5 20. Bh3 Ng4 21. Qf3 Nc6 22. Nd5 Nce5 23. Qf4 f6 24. a4 b6 25. b3 Qc6 26. Ne7 Qe6 27. Nd5 Qc6 28. Qd2 Rf7 29. Rf4 a6 30. Raf1 b5 31. a5 Raf8 32. Rb1 Rc8 33. Kh1 Rcf8 34. c3 dxc3 35. Qxc3 Qd6 36. Rc1 Rc8 37. d4 Nd7 38. Qf3 c4 39. e5 Qe6 40. bxc4 bxc4 41. Rf1 f5 42. Nc3 Re7 43. Bxg4 hxg4 44. Qb7 Rce8 45. Qd5 Qxd5+ 46. Nxd5 Re6 47. Nc7 Nf8 48. Nxe8+ Rxe8 49. R4f2 Ne6 50. d5 Nc5 51. e6 Ne4 52. Rg2 c3 53. Rd1 Kf6 54. Kh2 Ke5 55. Rc2 Rd8 56. e7 Re8 57. d6 Nxd6 58. Rxc3 Rxe7 59. Rc5+ Ke6 60. Rc6 Rd7 61. Rxa6 Ke5 62. Rb6 Rd8 63. a6 Rc8 64. Rbxd6 Rc2+ 65. R1d2 1-0

[Event "Titled Tuesday intern op 18th Apr Early"]
[Site "Chess.com INT"]
[Date "2023.04.18"]
[Round "3"]
[White "Maung, Maung Kyaw Zaw"]
[Black "Soto Hernandez, Henry"]
[Result "1-0"]
[WhiteElo "2119"]
[BlackElo "2490"]
[PlyCount "73"]
[EventDate "2023.04.18"]
[EventType "swiss (blitz)"]
[EventRounds "11"]
[EventCountry "USA"]
[SourceTitle "EXT 2024"]
[Source "ChessBase"]
[SourceDate "2023.10.10"]
[SourceVersion "1"]
[SourceVersionDate "2023.10.10"]
[SourceQuality "1"]

1. Nf3 Nf6 2. c4 c5 3. d4 cxd4 4. Nxd4 e6 5. g3 Nc6 6. Nxc6 bxc6 7. Bg2 d5 8. 0-0 Be7 9. b3 0-0 10. Bb2 a5 11. Nc3 Ba6 12. cxd5 cxd5 13. Re1 Rc8 14. e3 Bb4 15. Rc1 Qe7 16. Bf1 Bxf1 17. Rxf1 Rc7 18. Nb5 Rxc1 19. Qxc1 Ne4 20. f3 Bd2 21. Qc2 Bxe3+ 22. Kg2 Qc5 23. Qd3 Nd2 24. Rc1 Qb6 25. Nd4 Bh6 26. Bc3 e5 27. Bxd2 Bxd2 28. Qxd2 exd4 29. Rd1 Re8 30. Qxd4 Re2+ 31. Kg1 Qxd4+ 32. Rxd4 Rxa2 33. Rxd5 f6 34. Rd7 h5 35. Rb7 Kh7 36. Kf1 Kg6 37. Kg1 1-0

[Event "Titled Tuesday intern op 18th Apr Early"]
[Site "Chess.com INT"]
[Date "2023.04.18"]
[Round "1"]
[White "Maung, Maung Kyaw Zaw"]
[Black "Toropov, Pavel"]
[Result "1-0"]
[WhiteElo "2119"]
[BlackElo "2336"]
[PlyCount "55"]
[EventDate "2023.04.18"]
[EventType "swiss (blitz)"]
[EventRounds "11"]
[EventCountry "USA"]
[SourceTitle "EXT 2024"]
[Source "ChessBase"]
[SourceDate "2023.10.10"]
[SourceVersion "1"]
[SourceVersionDate "2023.10.10"]
[SourceQuality "1"]

1. Nf3 d5 2. d4 Nf6 3. c4 c6 4. cxd5 cxd5 5. Nc3 a6 6. Bf4 Nc6 7. e3 Bg4 8. h3 Bxf3 9. Qxf3 e6 10. Bd3 Be7 11. 0-0 0-0 12. Rac1 Rc8 13. Na4 Nd7 14. Qg3 g6 15. Bd6 Nf6 16. Bxe7 Qxe7 17. Nc5 Rc7 18. Rc3 Rfc8 19. Rfc1 Nb4 20. Bb1 b6 21. Nd3 Rxc3 22. Rxc3 Rxc3 23. bxc3 Nc6 24. Ne5 Qc7 25. Ng4 Nxg4 26. Qxc7 Na5 27. hxg4 Nc4 28. Bd3 1-0

[Event "Titled Tuesday intern op 07th Feb Early"]
[Site "Chess.com INT"]
[Date "2023.02.07"]
[Round "1"]
[White "Maung, Maung Kyaw Zaw"]
[Black "Kukhmazov, Arsen"]
[Result "0-1"]
[WhiteElo "2119"]
[BlackElo "2495"]
[PlyCount "124"]
[EventDate "2023.02.07"]
[EventType "swiss (blitz)"]
[EventRounds "11"]
[EventCountry "USA"]
[SourceTitle "EXT 2024"]
[Source "ChessBase"]
[SourceDate "2023.10.10"]
[SourceVersion "1"]
[SourceVersionDate "2023.10.10"]
[SourceQuality "1"]

1. Nf3 Nf6 2. c4 c6 3. Nc3 d5 4. d4 e6 5. e3 Nbd7 6. Qc2 b6 7. b3 Bb7 8. Be2 Be7 9. 0-0 0-0 10. Rd1 Qc7 11. Bb2 Rac8 12. Rac1 Qb8 13. Qb1 Rfd8 14. Bd3 h6 15. h3 c5 16. cxd5 cxd4 17. Nxd4 Nxd5 18. Nxd5 Bxd5 19. Be4 Rxc1 20. Rxc1 Nc5 21. Bxd5 Rxd5 22. Qc2 Bf6 23. b4 Nd7 24. Qc7 Qxc7 25. Rxc7 a5 26. bxa5 bxa5 27. Ra7 Nb6 28. Bc3 Nc4 29. a4 Nb6 30. Ra6 Nxa4 31. Bxa5 Bxd4 32. exd4 Rxd4 33. Bb6 Rd1+ 34. Kh2 Nc3 35. Kg3 g5 36. Be3 Nd5 37. Bc5 Kh7 38. Ra7 Kg6 39. Rb7 Rd3+ 40. Kh2 Rd2 41. Ra7 h5 42. Rb7 h4 43. Ra7 f6 44. Ra6 Kf5 45. Ra5 e5 46. Bf8 Nf4 47. Bc5 Nd3 48. Kg1 Rd1+ 49. Kh2 Nf4 50. Be3 Nd5 51. Bc5 e4 52. Ra2 Ke5 53. Ba7 Rb1 54. Bc5 f5 55. Ba7 f4 56. Bc5 Rc1 57. Ba7 Rd1 58. Bb8+ Kf5 59. Ra5 e3 60. fxe3 fxe3 61. Ra2 Rd2 62. Ra5 e2 0-1

[Event "Titled Tuesday intern op 07th Feb Early"]
[Site "Chess.com INT"]
[Date "2023.02.07"]
[Round "10"]
[White "Maung, Maung Kyaw Zaw"]
[Black "Sovetbekova, Nurai"]
[Result "0-1"]
[WhiteElo "2119"]
[BlackElo "1842"]
[PlyCount "80"]
[EventDate "2023.02.07"]
[EventType "swiss (blitz)"]
[EventRounds "11"]
[EventCountry "USA"]
[SourceTitle "EXT 2024"]
[Source "ChessBase"]
[SourceDate "2023.10.10"]
[SourceVersion "1"]
[SourceVersionDate "2023.10.10"]
[SourceQuality "1"]

1. Nf3 Nf6 2. c4 g6 3. Nc3 Bg7 4. e4 e5 5. d4 exd4 6. Nxd4 0-0 7. Be2 Re8 8. f3 c6 9. c5 d5 10. cxd6 Qxd6 11. Be3 Nbd7 12. Nb3 Qc7 13. 0-0 b6 14. Qc2 Bb7 15. Kh1 Rad8 16. f4 c5 17. e5 Nd5 18. Nxd5 Bxd5 19. Bf3 Nf8 20. Nd2 Bxf3 21. Rxf3 Ne6 22. Ne4 Nd4 23. Bxd4 Rxd4 24. Raf1 Qc6 25. Nd6 Rd8 26. h4 Bf8 27. Nc4 Qd5 28. Ne3 Qxa2 29. R3f2 Qe6 30. g3 c4 31. Kg2 b5 32. f5 Qxe5 33. fxg6 fxg6 34. Ng4 Rxg4 35. Rf3 Bd6 36. Qf2 Re8 37. Ra1 Qe2 38. Rxa7 Qxf2+ 39. Rxf2 Bc5 40. Rff7 Bxa7 0-1

[Event "Titled Tuesday intern op 22nd Nov Early"]
[Site "Chess.com INT"]
[Date "2022.11.22"]
[Round "4"]
[White "Kouskoutis, Georgios Alexandros"]
[Black "Maung, Maung Kyaw Zaw"]
[Result "0-1"]
[WhiteElo "2279"]
[BlackElo "2119"]
[PlyCount "90"]
[EventDate "2022.11.22"]
[EventType "swiss (blitz)"]
[EventRounds "11"]
[EventCountry "USA"]
[SourceTitle "CBM 211 Extra"]
[Source "ChessBase"]
[SourceDate "2023.01.31"]
[SourceVersion "1"]
[SourceVersionDate "2023.01.31"]
[SourceQuality "1"]

1. Nf3 Nf6 2. g3 b6 3. Bg2 Bb7 4. 0-0 d6 5. c4 Nbd7 6. Nc3 e5 7. d4 Be7 8. Re1 0-0 9. Nxe5 Bxg2 10. Nxd7 Qxd7 11. Kxg2 d5 12. cxd5 Nxd5 13. e4 Nxc3 14. bxc3 f5 15. e5 Rad8 16. Qf3 b5 17. h4 b4 18. Bb2 c5 19. Rad1 f4 20. dxc5 Qe6 21. Rxd8 Bxd8 22. cxb4 fxg3 23. Qxg3 a5 24. Qb3 Qxb3 25. axb3 axb4 26. e6 Be7 27. c6 Rc8 28. Rc1 g5 29. Be5 gxh4 30. c7 h5 31. Rd1 Kh7 32. Rd8 Bxd8 33. cxd8Q Rxd8 34. Bf6 Re8 35. e7 Kg6 36. Bxh4 Kf7 37. Kh3 Rc8 38. Bg3 Rc3 39. Kh4 Rxb3 40. Bd6 Rd3 41. Bxb4 Rd4+ 42. Kxh5 Rxb4 43. Kg5 Kxe7 44. f4 Kf7 45. f5 Rb5 0-1

[Event "Titled Tuesday intern op 27th Sep Late"]
[Site "Chess.com INT"]
[Date "2022.09.27"]
[Round "1"]
[White "Maung, Maung Kyaw Zaw"]
[Black "Javakhadze, Zurab"]
[Result "0-1"]
[WhiteElo "2119"]
[BlackElo "2470"]
[PlyCount "76"]
[EventDate "2022.09.27"]
[EventType "swiss (blitz)"]
[EventRounds "11"]
[EventCountry "USA"]
[SourceTitle "CBM 210 Extra"]
[Source "ChessBase"]
[SourceDate "2022.11.30"]
[SourceVersion "1"]
[SourceVersionDate "2022.11.30"]
[SourceQuality "1"]

1. Nf3 d5 2. d4 Nf6 3. c4 e6 4. Nc3 Be7 5. Bf4 0-0 6. e3 Nbd7 7. Bd3 c5 8. cxd5 exd5 9. dxc5 Nxc5 10. 0-0 Bg4 11. Be2 Nce4 12. Rc1 Rc8 13. Nb5 Qb6 14. b3 a6 15. Nbd4 Nc3 16. Qd2 Nfe4 17. Qb2 Nxe2+ 18. Qxe2 Ba3 19. Rxc8 Rxc8 20. h3 Bh5 21. g4 Bg6 22. Ne5 Nc3 23. Qd2 Bb4 24. Nxg6 hxg6 25. Qb2 Ne4 26. Rc1 Rc3 27. Rxc3 Bxc3 28. Qc2 Bxd4 29. exd4 Qxd4 30. Be3 Qc3 31. Qd1 Qc6 32. g5 Qe6 33. h4 b5 34. Bc1 Nc3 35. Qd2 Qg4+ 36. Kf1 d4 37. b4 Qxh4 38. Bb2 Qh1# 0-1

[Event "Titled Tuesday intern op 27th Sep Early"]
[Site "Chess.com INT"]
[Date "2022.09.27"]
[Round "3"]
[White "Maung, Maung Kyaw Zaw"]
[Black "Stanisz, Patryk"]
[Result "1-0"]
[WhiteElo "2119"]
[BlackElo "2199"]
[PlyCount "59"]
[EventDate "2022.09.27"]
[EventType "swiss (blitz)"]
[EventRounds "11"]
[EventCountry "USA"]
[SourceTitle "CBM 210 Extra"]
[Source "ChessBase"]
[SourceDate "2022.11.30"]
[SourceVersion "1"]
[SourceVersionDate "2022.11.30"]
[SourceQuality "1"]

1. Nf3 d5 2. d4 c6 3. c4 Nf6 4. Nc3 e6 5. e3 Nbd7 6. Qc2 Bd6 7. b3 0-0 8. Be2 Qe7 9. 0-0 b6 10. Rd1 Bb7 11. Bb2 Rfe8 12. Rac1 Rac8 13. Qb1 Bb8 14. Rd2 c5 15. cxd5 exd5 16. dxc5 bxc5 17. Qc2 Ne5 18. Rcd1 Nxf3+ 19. Bxf3 d4 20. Bxb7 Qxb7 21. exd4 cxd4 22. Rxd4 Be5 23. R4d3 Qc7 24. g3 Ne4 25. Rc1 Ng5 26. h4 Ne6 27. Qd2 Red8 28. Nd5 Qb7 29. Rxc8 Rxc8 30. Bxe5 1-0

[Event "Titled Tuesday intern op 27th Sep Early"]
[Site "Chess.com INT"]
[Date "2022.09.27"]
[Round "8"]
[White "Sadykov, Ramil"]
[Black "Maung, Maung Kyaw Zaw"]
[Result "1-0"]
[WhiteElo "2345"]
[BlackElo "2119"]
[PlyCount "65"]
[EventDate "2022.09.27"]
[EventType "swiss (blitz)"]
[EventRounds "11"]
[EventCountry "USA"]
[SourceTitle "CBM 210 Extra"]
[Source "ChessBase"]
[SourceDate "2022.11.30"]
[SourceVersion "1"]
[SourceVersionDate "2022.11.30"]
[SourceQuality "1"]

1. e4 c6 2. Nc3 d5 3. Nf3 Bg4 4. h3 Bxf3 5. Qxf3 e6 6. d4 dxe4 7. Qe3 Nd7 8. Nxe4 Ngf6 9. c3 Rc8 10. Bd3 Be7 11. 0-0 0-0 12. Re1 c5 13. dxc5 Nxc5 14. Nxc5 Bxc5 15. Qf3 Qd5 16. Qxd5 Nxd5 17. a4 Rfd8 18. Be4 Rc7 19. a5 a6 20. Ra4 Nf6 21. Bf3 Rcd7 22. Rc4 Be7 23. Kf1 g6 24. g3 Kg7 25. h4 h5 26. Be3 Nd5 27. Bc5 Rc8 28. Bd4+ e5 29. Bxe5+ f6 30. Rxc8 fxe5 31. Rxe5 Nf6 32. Re6 Kf7 33. Rb6 1-0

[Event "Olympiad-44"]
[Site "Chennai"]
[Date "2022.08.03"]
[Round "6.1"]
[White "Balogun, Oluwafemi Daniel"]
[Black "Maung, Maung Kyaw Zaw"]
[Result "1-0"]
[WhiteElo "2274"]
[BlackElo "2121"]
[PlyCount "87"]
[EventDate "2022.07.29"]
[EventType "team-swiss"]
[EventRounds "11"]
[EventCountry "IND"]
[SourceTitle "CBM 210"]
[Source "ChessBase"]
[SourceDate "2022.10.31"]
[SourceVersion "1"]
[SourceVersionDate "2022.10.31"]
[SourceQuality "1"]
[WhiteTeam "Nigeria"]
[BlackTeam "Myanmar"]
[WhiteTeamCountry "NGR"]
[BlackTeamCountry "MYA"]

1. e4 c5 2. Nf3 d6 3. d4 cxd4 4. Nxd4 Nf6 5. Nc3 g6 6. Be3 Bg7 7. f3 0-0 8. Qd2 Nc6 9. 0-0-0 d5 10. Qe1 e5 11. Nxc6 bxc6 12. exd5 Nxd5 13. Bc4 Be6 14. Ne4 Qc8 15. Bc5 Rd8 16. g4 h6 17. h4 Qc7 18. Bb3 Bf8 19. Bxf8 Kxf8 20. Nc5 Re8 21. h5 g5 22. Qe4 Nf6 23. Qb4 Kg8 24. Nxe6 fxe6 25. Qd6 Qxd6 26. Rxd6 Kf7 27. Re1 e4 28. fxe4 Re7 29. e5 Nd5 30. Rxc6 Nf4 31. Rd1 Rb8 32. Bc4 Kg7 33. a4 Rbe8 34. b4 Ng2 35. Rd3 Nf4 36. Rd2 Rf8 37. b5 Nd5 38. Bxd5 exd5 39. Rg6+ Kh7 40. Rxd5 Rf4 41. Rdd6 Rxe5 42. Rd7+ Kh8 43. Rxh6+ Kg8 44. Rc6 1-0

[Event "Titled Tuesday intern op 29th Mar Early"]
[Site "Chess.com INT"]
[Date "2022.03.29"]
[Round "8"]
[White "Maung, Maung Kyaw Zaw"]
[Black "Pajeken, Jakob Leon"]
[Result "1/2-1/2"]
[WhiteElo "2121"]
[BlackElo "2382"]
[PlyCount "94"]
[EventDate "2022.03.29"]
[EventType "swiss (blitz)"]
[EventRounds "11"]
[EventCountry "USA"]
[SourceTitle "CBM 207 Extra"]
[Source "ChessBase"]
[SourceDate "2022.05.31"]
[SourceVersion "1"]
[SourceVersionDate "2022.05.31"]
[SourceQuality "1"]

1. Nf3 d5 2. d4 Nf6 3. c4 dxc4 4. e3 e6 5. Bxc4 c5 6. 0-0 Nc6 7. dxc5 Qc7 8. a3 Bxc5 9. b4 Bd6 10. Bb2 0-0 11. Qb3 a5 12. b5 a4 13. Qc3 Na5 14. Nbd2 Nxc4 15. Nxc4 b6 16. Nxd6 Qxd6 17. Rfd1 Qe7 18. Ne5 Bb7 19. Nd7 Rfc8 20. Nxf6+ gxf6 21. Qxf6 Qxf6 22. Bxf6 Bd5 23. Rdc1 Kf8 24. Bd4 Ke8 25. f3 f5 26. Kf2 Kd7 27. Bxb6 Rxc1 28. Rxc1 Rb8 29. Bc5 Rxb5 30. Bb4 e5 31. Rd1 Ke6 32. Rc1 e4 33. fxe4 Bxe4 34. Rc7 Rb7 35. Rxb7 Bxb7 36. h3 h5 37. g3 Kf6 38. Bc5 Kg6 39. Bd6 Bd5 40. Ke2 Bg2 41. h4 Bh3 42. Bf4 Bg4+ 43. Kd2 Kf7 44. Kc2 Ke6 45. Kc3 Kd5 46. Kb4 Bd1 47. Kc3 Ke4 1/2-1/2

[Event "Titled Tuesday intern op 29th Mar Early"]
[Site "Chess.com INT"]
[Date "2022.03.29"]
[Round "1"]
[White "Maung, Maung Kyaw Zaw"]
[Black "Zakhartsov, Vladimir"]
[Result "0-1"]
[WhiteElo "2121"]
[BlackElo "2505"]
[PlyCount "70"]
[EventDate "2022.03.29"]
[EventType "swiss (blitz)"]
[EventRounds "11"]
[EventCountry "USA"]
[SourceTitle "CBM 207 Extra"]
[Source "ChessBase"]
[SourceDate "2022.05.31"]
[SourceVersion "1"]
[SourceVersionDate "2022.05.31"]
[SourceQuality "1"]

1. Nf3 Nf6 2. c4 e6 3. Nc3 d5 4. d4 Be7 5. Bg5 0-0 6. e3 Nbd7 7. Bd3 dxc4 8. Bxc4 a6 9. 0-0 b5 10. Bd3 Bb7 11. a4 b4 12. Nb1 c5 13. Nbd2 h6 14. Bh4 cxd4 15. exd4 Nd5 16. Bg3 a5 17. Nc4 Rc8 18. Qe2 Ba6 19. Nfe5 N7f6 20. Kh1 Bb7 21. f4 Ra8 22. f5 exf5 23. Rxf5 Nb6 24. Raf1 Qxd4 25. Nxb6 Qxb6 26. Rxf6 Bxf6 27. Nd7 Qe6 28. Nxf6+ gxf6 29. Qh5 Qd5 30. Qg4+ Qg5 31. Qh3 Rad8 32. Bc2 Rd2 33. Bf4 Bxg2+ 34. Kg1 Bxh3+ 35. Bxg5 fxg5 0-1